| 000 | 00529nam a22001817a 4500 | ||
|---|---|---|---|
| 999 |
_c9040 _d9040 |
||
| 008 | 210320b ||||| |||| 00| 0 eng d | ||
| 040 | _aBMS College of Architecture | ||
| 100 | _aMuralidhar, Apurva | ||
| 245 | _aContemporary dance school | ||
| 300 | _aNA | ||
| 500 | _a1BM07AT009 | ||
| 502 |
_8B.Arch _NBMS College of Architecture, Visvesvaraya Technological University _aProject report _d2012 |
||
| 650 | _aDance | ||
| 650 | _aSchool | ||
| 700 |
_aShobha M N _eGuide |
||
| 700 |
_aK R Madhu Chand _eGuide |
||
| 942 |
_2ddc _cTHE |
||